000 00334pam a2200157a 44500
008 230515b2001 xxu||||| |||| 00| 0 eng d
020 _aNULL
041 _aENGLISH
082 _aN.D.
100 _aIvor Horton
245 _aBeginning C ++
250 _a0
260 _aNULL
_bShroff Pub.
_c2001
300 _a952
650 _aNULL
999 _c583783
_d583783